zpět

Detail výsledku týmu

Srdcovka U Skleničky, Otrokovice

Datum a čas kvízu

29.5 Celkem bodů Celkový počet nahraných bodů na tomto kvízu bez doplňovacích otázek.
3. Pořadí na kvízu Konečné umístění týmu na tomto kvízu.

Zaznamenané odpovědi

# Otázka Odpověď Body Výsledky
1. Automobilka Škoda v minulém tý... Laurin & Klement Kampus 1
2. Které tři evropské země uznaly... Norsko, Španělsko, Irsko 0.5
3. Která hollywoodská herečka si... Scarlett Johansson 1
4. Vermontská státní univerzita u... kočkou (kocourem) 1
5. „Bohužel nemám dobré zprávy. K... Patrik Kincl 1
6. Jak se nazývají dva nejdůležit... Franská říše, Byzantská (Východořímská) říše 0
7. Jak se jmenoval významný střed... Vilém I. Dobyvatel 0
8. Na fotografii vidíme sochu prv... Arnošt z Pardubic 0
9. Vytvořte z těchto středověkých... 1B 2A 3D 4C 0
10. Závěrem tématu se podíváme na... tulipán 0